| 000 -LEADER |
| fixed length control field |
01308nam a22001577a 4500 |
| 008 - FIXED-LENGTH DATA ELEMENTS--GENERAL INFORMATION |
| fixed length control field |
220720b ||||| |||| 00| 0 eng d |
| 100 ## - MAIN ENTRY--PERSONAL NAME |
| Personal name |
Malini, S. and Aishwarya, K. S. |
| 245 ## - TITLE STATEMENT |
| Title |
Gendered impact of the pandemic: A study on the domestic workload of working women |
| 260 ## - PUBLICATION, DISTRIBUTION, ETC. (IMPRINT) |
| Place of publication, distribution, etc |
The Indian Journal of Economics |
| 300 ## - PHYSICAL DESCRIPTION |
| Extent |
101(3), Jan, 2021: p.505-512 |
| 520 ## - SUMMARY, ETC. |
| Summary, etc |
Considering the Covid-19 global health pandemic, this paper aims to examine the socio -economic issues faced by working women in Chennai city. Primary data was collected through the circulation of questionnaires in digital platforms and tele interviews. The sample size of the study was 50 respondents from Chennai City. The data was analysed using MS- EXCEL and SPSS software. The formulated hypothesis is tested using the Chi-square test. The paper analysed the economic and mental health status of working women. The study also traces the domestic burden and changes in the work-life balance of working women due to COVID 19 lockdown. – Reproduced |
| 650 ## - SUBJECT ADDED ENTRY--TOPICAL TERM |
| Topical term or geographic name as entry element |
Pandemic, Lockdown, Socio-economic issues, Working women, Labour force participation, Economic status, Domestic burden, Work life balance, Mental health. |
| 9 (RLIN) |
32180 |
| 773 ## - HOST ITEM ENTRY |
| Main entry heading |
The Indian Journal of Economics |
| 906 ## - LOCAL DATA ELEMENT F, LDF (RLIN) |
| Subject DIP |
DOMESTIC WORKERS |
| 942 ## - ADDED ENTRY ELEMENTS (KOHA) |
| Item type |
Articles |